Math in French - Statistics

General Stats
  • This quiz has been taken 552 times
  • The average score is 5 of 9
Answer Stats
Hint Answer % Correct
un+un deux
99%
la racine carree de cent dix
74%
mille divisé par cinq deux cent
60%
neuf fois quarante trois cent soixante
54%
dix-neuf plus quatre vingts quatre vingt dix neuf
47%
le cosinus de zero un
41%
x plus vingt-trois egal cent un soixante dix huit
37%
quatre vingt dix pourcent de million neuf cent mille
24%
deux puissance neuf cinq cent douze
18%
No matching quizzes found
Score Distribution
Percent of People with Each Score
Percentile by Number Answered
Your Score History
You have not taken this quiz